Datum a čas kvízu
31
Celkem bodů
Celkový počet nahraných bodů na tomto kvízu bez doplňovacích otázek.
3.
Pořadí na kvízu
Konečné umístění týmu na tomto kvízu.
Zaznamenané odpovědi
| # | Otázka | Odpověď | Body | Výsledky |
|---|---|---|---|---|
| 1. | Jeden z řidičů Dopravního podn... | Reklama (hnutí SPD) vylepená na voze. | 1 | |
| 2. | V belgickém městě Verviers se... | srdce | 1 | |
| 3. | Nakladatelství Atlantis minulý... | Slavnost bezvýznamnosti | 0 | |
| 4. | Automobilka Škoda minulé úterý... | Enyaq | 1 | |
| 5. | Do koňského nebe odešla minulý... | Sixteen | 0 | |
| 6. | Když se Roald Amundsen dozvědě... | Robert Scott | 0 | |
| 7. | Jedním z nejvýznamnějších obje... | James Clark Ross | 0 | |
| 8. | „Svět kolem mne byl tak laskav... | Annapurna | 1 | |
| 9. | Roku 1938 byla poprvé pokořena... | Heinrich Harrer, Sedm let v Tibetu | 0.5 | |
| 10. | Podmořští výzkumníci Jacques P... | batyskaf | 1 |